000 00450cam a22001457a 4500
008 180718b1972 xxu||||| |||| 00| 0 eng d
082 _aI29x54 X19
245 _aGrowth, social justice and the Indian manager
_cby Xavier Institute
260 _aJamshedpur
_bXavier Institute
_c1972
300 _a268p.
650 _aBusiness - Social aspects
650 _aLabour relations - India
650 _aExecutives - India
700 _aIndia. Xavier Institute
999 _c356555
_d356555